<?xml version="1.0" encoding="UTF-8"?><?xml-stylesheet type="text/xsl" href="static/style.xsl"?><OAI-PMH xmlns="http://www.openarchives.org/OAI/2.0/" xmlns:xsi="http://www.w3.org/2001/XMLSchema-instance" xsi:schemaLocation="http://www.openarchives.org/OAI/2.0/ http://www.openarchives.org/OAI/2.0/OAI-PMH.xsd"><responseDate>2026-06-30T01:12:41Z</responseDate><request verb="GetRecord" identifier="oai:riubu.ubu.es:10259/9182" metadataPrefix="marc">https://riubu.ubu.es/oai/request</request><GetRecord><record><header><identifier>oai:riubu.ubu.es:10259/9182</identifier><datestamp>2024-05-27T07:04:59Z</datestamp><setSpec>com_10259_4244</setSpec><setSpec>com_10259_5086</setSpec><setSpec>com_10259_2604</setSpec><setSpec>col_10259_4245</setSpec></header><metadata><record xmlns="http://www.loc.gov/MARC21/slim" xmlns:doc="http://www.lyncode.com/xoai" xmlns:xsi="http://www.w3.org/2001/XMLSchema-instance" xmlns:dcterms="http://purl.org/dc/terms/" xsi:schemaLocation="http://www.loc.gov/MARC21/slim http://www.loc.gov/standards/marcxml/schema/MARC21slim.xsd">
<leader>00925njm 22002777a 4500</leader>
<datafield tag="042" ind1=" " ind2=" ">
<subfield code="a">dc</subfield>
</datafield>
<datafield tag="720" ind1=" " ind2=" ">
<subfield code="a">Bermejo-López, A.</subfield>
<subfield code="e">author</subfield>
</datafield>
<datafield tag="720" ind1=" " ind2=" ">
<subfield code="a">Illera Gigante, Alba Ester</subfield>
<subfield code="e">author</subfield>
</datafield>
<datafield tag="720" ind1=" " ind2=" ">
<subfield code="a">Melgosa Gómez, Rodrigo</subfield>
<subfield code="e">author</subfield>
</datafield>
<datafield tag="720" ind1=" " ind2=" ">
<subfield code="a">Beltrán Calvo, Sagrario</subfield>
<subfield code="e">author</subfield>
</datafield>
<datafield tag="720" ind1=" " ind2=" ">
<subfield code="a">Sanz Díez, Mª Teresa</subfield>
<subfield code="e">author</subfield>
</datafield>
<datafield tag="260" ind1=" " ind2=" ">
<subfield code="c">2024-04-30</subfield>
</datafield>
<datafield tag="520" ind1=" " ind2=" ">
<subfield code="a">Lanthanides were tested (Ce3+, Er3+, and Yb3+) as catalysts to produce lactic acid (LA) from the monosaccharides present in corn stover (glucose, xylose, and arabinose) resulting in ytterbium being the most active. A MW-heated system led to similar LA yield as a conventionally heated pressurized system. The maximum value of LA yield was 40% at 240 °C after 20 min of isothermal treatment regardless the starting monosaccharides, which allowed to propose a similar LA production route based on the products profile determined along time for the three monosaccharides. Temperature and time determined the product profile, observing furfural degradation at severity factors higher than 3.5, while values higher than 5.5 were needed to observe LA degradation. By increasing temperature, catalyst solubility decreased, increasing its presence in the solid residue after treatment. Xylan conversion to LA was similar as for xylose, but lower yield was obtained from microcrystalline cellulose. Corn stover presented more amorphous regions leading to higher hydrolysis yields of its cellulose fraction.</subfield>
</datafield>
<datafield tag="024" ind2=" " ind1="8">
<subfield code="a">1935-5130</subfield>
</datafield>
<datafield tag="024" ind2=" " ind1="8">
<subfield code="a">http://hdl.handle.net/10259/9182</subfield>
</datafield>
<datafield tag="024" ind2=" " ind1="8">
<subfield code="a">10.1007/s11947-024-03416-x</subfield>
</datafield>
<datafield tag="024" ind2=" " ind1="8">
<subfield code="a">1935-5149</subfield>
</datafield>
<datafield ind1=" " ind2=" " tag="653">
<subfield code="a">Lactic acid</subfield>
</datafield>
<datafield ind1=" " ind2=" " tag="653">
<subfield code="a">Lignocellulosic biomass</subfield>
</datafield>
<datafield ind1=" " ind2=" " tag="653">
<subfield code="a">Ytterbium</subfield>
</datafield>
<datafield ind1=" " ind2=" " tag="653">
<subfield code="a">Subcritical water</subfield>
</datafield>
<datafield ind1=" " ind2=" " tag="653">
<subfield code="a">Biomass valorisation</subfield>
</datafield>
<datafield tag="245" ind1="0" ind2="0">
<subfield code="a">Comparative Selective Conversion of Biomass-Derived Mono- and Polysaccharides into Lactic Acid with Lanthanide Lewis Acid Catalysts</subfield>
</datafield>
</record></metadata></record></GetRecord></OAI-PMH>